000 00575nmm a2200193Ia 4500
008 251105s9999||||xx |||||||||||||||||und||
020 _a9788437090528
041 _aspa
100 _aRuiz Torres, Pedro
245 0 _aCuestiones obreras
264 _a[Madrid, España] :
_bPublicaciones de la Universidad de Valencia (PUV),
_c2013
300 _a288 páginas
490 _aFora de Col·lecció
650 _aSociology
700 _aRuiz Torres, Pedro
700 1 _a Altamira y Crevea, Rafael
856 _uhttps://public.digitaliapublishing.com/a/34926
942 _cCF
999 _c70857
_d70857